WHAT they didn’t teach at the academy topics, stories, and reality beyond classroom

Bewaard in:
Bibliografische gegevens
Formaat: Boek
Taal:Engels
Gepubliceerd in: CPC Press 2014
Tags: Voeg label toe
Geen labels, Wees de eerste die dit record labelt!

MARC

LEADER 00000nam a22000007a 4500
008 210427b ||||| |||| 00| 0 eng d
020 |a 978-1-4398-6919-2 
245 |a WHAT they didn’t teach at the academy  |b topics, stories, and reality beyond classroom  |c Dale L. June 
250 |c June, Dale L. 
260 |b CPC Press  |c  2014  |h Boca Raton  |i 689995  |l HV7923 .W55  |m Police training 
942 |a lcc  |c BK  |e Adekanye, I. H.  |f 27/04/2021 
952 |0 0  |1 0  |2 lcc  |4 0  |7 0  |9 2324  |a HOL  |b HOL  |c GJ  |d 2021-04-27  |l 0  |r 2021-04-27 00:00:00  |w 2021-04-27  |y BK 
999 |c 1198  |d 1198